| 000 | 00366 a2200109 4500 | ||
|---|---|---|---|
| 020 | _a0849396530 (alk. paper) | ||
| 082 | _a624.1702855 KNO | ||
| 100 | _aKwon, Young W. | ||
| 245 |
_aThe finite element method using MATLAB / _cYoung W. Kwon, Hyochoong Bang. |
||
| 260 |
_aBoca Raton : _bCRC Press, _cc1997. |
||
| 300 |
_a519 p. : _bill. ; _c26 cm. + |
||
| 650 |
_aFinite element method _xData processing. |
||
| 999 |
_c1208 _d1208 |
||